000 00620nam a2200229 i 4500
001 C2-0008051
003 PPAK
005 20190630221850.0
008 970127s1981 my |||| ||||| | may d
040 _aPPAK
_beng
_cPPAK
_erda
082 0 4 _a530.12
_223
090 0 0 _a530.12
_bBAH
_dG
100 0 _aBaharudin Yatim,
_eauthor
245 1 0 _aPengenalan teori kuantum
264 1 _aKuala Lumpur :
_bDewan Bahasa dan Pustaka ,
_c1981
300 _axiii, 102 pages ;
_c21 cm
336 _2rdacontent
_atext
337 _2rdamedia
_aunmediated
338 _2rdacarrier
_avolume
650 1 0 _aQuantum theory
942 _ddc
_cB
999 _c2146
_d2146